000 00656nam a2200193 i 4500
001 129199
003 ES-MaACL
005 20230906193445.0
007 t|
008 070608s1984 sp ||||1| spa d
080 _a336(04)
245 0 0 _aTeoria de la hacienda pública /
_cEdward C. Beauvais...[et al.] ; estudio y selección : Antoni Casahuga Vinardell.
260 _a[Madrid] :
_bInstituto de Estudios Fiscales,
_c1984.
300 _a823 p. ;
_c24 cm.
700 1 _aBeauvais, Edward.
_926842
700 1 _aCasahuga Vinardell, Antonio.
_936034
710 2 _aInstituto de Estudios Fiscales (España)
_9169207
852 _aES-MaACL
_jL-7586
_bR.107213
999 _c129199
_d129199